Statistics for Platinum Jubilee Quiz #3

Click here to take the quiz!

General Stats

  • This quiz has been taken 17 times
  • The average score is 6 of 20

Answer Stats

HintAnswer% Correct
In which country was Prince Philip born?Greece
81%
Who is the longest serving British monarch-in-waiting?Prince Charles
75%
According to tradition, if you meet the Queen you should first address her as ‘Your
majesty’. What three words should you use when first meeting other members of
the royal family?
Your Royal Highness
63%
What did the Queen train as in the Second World War?Mechanic
56%
How many years were Charles and Diana married?11
44%
Which boarding school did Prince Philip and Prince Charles both attend?Gordonstoun
44%
In 1748, King George II decided he was going to have two of something, which
most of us only have one. To this day the Queen continues the tradition of having
two. Two of what?
Birthdays
38%
What is the title of the Queen's personal poet?Poet Laureate
31%
Charles and Camilla’s wedding in 2005 was postponed because of the death of
which world figure?
Pope John Paul II
31%
Who was the first person to be monarch of both England and Scotland at the same
time?
James I
25%
What musical instrument is the Queen awoken by every morning?Bagpipes
19%
In 1995, who controversially interviewed Diana?Martin Bashir
19%
According to the couple, what were Harry and Meghan doing when he proposed?Cooking
13%
What does Prince George refer to the Queen as?Gan Gan
13%
Not including marriage, what relation did the Queen and Prince Phillip have?Third Cousins
13%
In his interview with James Corden, which actor did Prince Harry suggest should
play him in the Crown?
Damien Lewis
6%
Who baked the Queen's 90th Birthday cake?Nadiya Hussain
6%
What was Edward VII's nickname?Edward the Caresser
0%
What’s the name of the drinking game played by the Royal Family in Season 4 of
the Crown, that Diana was brilliant at (and Margaret Thatcher wasn’t so good at)?
Ibble Dibble
0%
What flower do all royal brides have in their bouquet?Myrtles
0%

Score Distribution

Percentile by Number Answered

Percent of People with Each Score

Your Score History

You have not taken this quiz